header

Property and power in social theory (Record no. 72302)

MARC details
000 -LEADER
fixed length control field 01492nam a2200349Ia 4500
100 1# - MAIN ENTRY--AUTHOR NAME
Personal name Pels, Dick,
245 10 - TITLE STATEMENT
Title Property and power in social theory
260 ## - PUBLICATION, DISTRIBUTION, ETC. (IMPRINT)
Place of publication New York :
Name of publisher Routledge,
Year of publication 1998.
300 ## - PHYSICAL DESCRIPTION
Number of Pages x, 316 p.
500 ## - GENERAL NOTE
General note Originally written as a dissertation at the University of Amsterdam and published in a Dutch translation in 1987, "it has been thoroughly revised, to such an extent as to effectively become new." Cf. Pref.
650 #0 - SUBJECT ADDED ENTRY--TOPICAL TERM
Topical Term Power (Social sciences)
Topical Term Property.
Topical Term Knowledge, Sociology of.
Topical Term Intellectual life
856 40 - ELECTRONIC LOCATION AND ACCESS
Uniform Resource Identifier http://site.ebrary.com/lib/rucke/Doc?id=10056051

No items available.

© 2026 Rongo University
Contact us: librarian | system librarian | Rongo university